000 00930nam a2200217 a 4500
001 BRCA_1182
005 20190320203323.0
008 820330s1972 nyua---##b---#000-0#eng-#
050 4 _aND413
_b.K45 1972
100 1 _aKelemen, Pál
_93899
245 1 0 _aPeruvian Colonial Painting.
260 _aNueva York
_bThe Brooklyn Museum
_c1972
300 _a112 p.
_bil.
_c25 cm.
500 _aCatálogo de la exposición realizada en el Museo de Brooklyn, 8 diciembre, 1971 - 23 enero, 1972, en el Museo del Arte de la Universidad de Austin (Texas), 20 febrero - 26 marzo, 1972 y en el Museo de Isaac Delgado del Arte, 15 abril - 28 mayo, 1972
504 _aBibliografía: p. 109-110
600 1 4 _aDavis, Arthur Q.
_xColecciones de arte
_93900
610 2 4 _aFondo Severo de la Familia de Edgar
_xColecciones de arte
_93901
650 1 4 _aPintura peruana
_vExposiciones
_93902
650 1 4 _aPintura colonial
_zPerú
_93903
942 _2lcc
_cB
999 _c1058
_d1058